LIBRARY & INFORMATION CENTRE, KCAET, TAVANUR

ONLINE PUBLIC ACCESS CATALOGUE (OPAC)

Plain and Reinforced Concrete, Vol- I / (Record no. 1690)

MARC details
000 -LEADER
fixed length control field 00392cam a2200157ua 4500
003 - CONTROL NUMBER IDENTIFIER
control field OSt
008 - FIXED-LENGTH DATA ELEMENTS--GENERAL INFORMATION
fixed length control field 250626b |||||||| |||| 00| 0 eng d
082 ## - DEWEY DECIMAL CLASSIFICATION NUMBER
Classification number 624.18341
Item number KRI/PL
100 ## - MAIN ENTRY--AUTHOR NAME
Personal name Krishna, Jai
245 ## - TITLE STATEMENT
Title Plain and Reinforced Concrete, Vol- I /
250 ## - EDITION STATEMENT
Edition statement 6 /
260 ## - PUBLICATION, DISTRIBUTION, ETC. (IMPRINT)
Place of publication :
Name of publisher Nem Chand And Bros ,
Year of publication 1966.
300 ## - PHYSICAL DESCRIPTION
Number of Pages 628 ; .
700 1# - ADDED ENTRY--PERSONAL NAME
Personal name Jain, O.P .
942 ## - ADDED ENTRY ELEMENTS (KOHA)
Koha item type Books
Holdings
Withdrawn status Lost status Damaged status Home library Current library Date acquired Full call number Accession Number Koha item type
      KAUAET KAUAET 07/04/2012 624.18341 KRI/PL 11589 Books
      KAUAET KAUAET 07/04/2012 624.18341 KRI/PL 11296 Books
      KAUAET KAUAET 07/04/2012 624.18341 KRI/PL 11590 Books
      KAUAET KAUAET 07/04/2012 624.18341 KRI/PL 11295 Books
      KAUAET KAUAET 07/04/2012 624.18341 KRI/PL 11297 Books
      KAUAET KAUAET 07/04/2012 624.18341 KRI/PL 11591 Books
free website counter